MAASAI MARA UNIVERSITY

LIBRARY CATALOGUE

Contact Us: +254 020 2685356/7 or 0774 057787

Box: 861-20500, NAROK, KENYA

Email: info@mmarau.ac.ke

Jhingan M.L (Record no. 222)

MARC details
000 -LEADER
fixed length control field 00421nam a2200157Ia 4500
008 - FIXED-LENGTH DATA ELEMENTS--GENERAL INFORMATION
fixed length control field 151015s9999 xx 000 0 und d
020 ## - INTERNATIONAL STANDARD BOOK NUMBER
International Standard Book Number 8187125977
050 ## - LIBRARY OF CONGRESS CALL NUMBER
Classification number HG221.s472009
245 ## - TITLE STATEMENT
Title Jhingan M.L
250 ## - EDITION STATEMENT
Edition statement _Money,banking,international Trade And Public Finance
260 ## - PUBLICATION, DISTRIBUTION, ETC. (IMPRINT)
Place of publication, distribution, etc. 7th ed.
300 ## - PHYSICAL DESCRIPTION
Extent India Vrinda 2009
500 ## - GENERAL NOTE
General note includes index
650 ## - SUBJECT ADDED ENTRY--TOPICAL TERM
Topical term or geographic name as entry element _money
700 ## - ADDED ENTRY--PERSONAL NAME
Personal name ^d20130815 11:31:29^okorir

No items available.

© 2016 Maasai Mara University.